ბათუმის შოთა რუსთაველის სახელმწიფო უნივერსიტეტის ბიბლიოთეკა

სამოქალაქო საპროცესო სამართალი : (ბიბ.ჩანაწერი № 63190)

000 -ლიდერი
ფიქსირებული სიგრძის საკონტროლო ველი 01280nam a22002297a 4500
003 - საკონტროლო ნომრის იდენტიფიკატორი
საკონტროლო ველი Ge_BSU
005 - ბოლო ოპერაციის თარიღი და დრო
საკონტროლო ველი 20250624150915.0
008 - ფიქსირებული სიგრძის მონაცემთა ელემენტები - ზოგადი ინფორმაცია
ფიქსირებული სიგრძის საკონტროლო ველი 250624s2023 ge ||||| |||| 00| 0 geo d
020 ## - წიგნის საერთაშორისო სტანდარტული ნომერი
International Standard Book Number 9789941343278
041 ## - ენის კოდი
Language code of text/sound track or separate title geo
080 ## - უნივერსალური ათობითი კლასიფიკაციის ინდექსი
Universal Decimal Classification number 347.9(479.22) ს-23
245 ## - ცნობა სათაურის შესახებ
Title სამოქალაქო საპროცესო სამართალი :
Remainder of title 2 ნაწილი /
Statement of responsibility, etc ავტორი: თ. ლილუაშვილი, გ.ლილუაშვილი, ვ.ხრუსტალი, ზ. ძლიერიშვილი; რედაქტორი: თეიმურაზ თოდრია
264 ## - წარმოების, გამოცემის, დისტრიბუციის და სხვა ცნობები
გამოცემის, წარმოების, დისტრიბუციის... ადგილი თბილისი :
გამოცემის, წარმოების, დისტრიბუციის... სახელწოდება მერიდიანი,
გამოცემის, წარმოების, დისტრიბუციის... თარიღი 2023.
300 ## - ფიზიკური აღწერა
Extent 704 გვ.
Other physical details 22 სმ.
653 ## - INDEX TERM--UNCONTROLLED
Uncontrolled term სამოქალაქო საპროცესო სამართალი
700 ## - ADDED ENTRY--PERSONAL NAME
Personal name ლილუაშვილი, თენგიზ
Relator term ავტორი
9 (RLIN) 16901
700 ## - ADDED ENTRY--PERSONAL NAME
Personal name ლილუაშვილი, გ.
Relator term ავტორი
9 (RLIN) 25490
700 ## - ADDED ENTRY--PERSONAL NAME
Personal name ხრუსტალი, ვ.
Relator term ავტორი
9 (RLIN) 25491
700 ## - ADDED ENTRY--PERSONAL NAME
Personal name ძლიერიშვილი, ზ.
Relator term ავტორი
9 (RLIN) 16537
700 ## - ADDED ENTRY--PERSONAL NAME
Personal name თოდრია, თ.
Relator term რედაქტორი
9 (RLIN) 25492
942 ## - ADDED ENTRY ELEMENTS (KOHA)
Source of classification or shelving scheme
Koha item type წიგნი
ეგზემპლარები
ჩამოწერის სტატუსი დაკარგული ეგზემპლარის სტატუსი კლასიფიკაციის წყარო ან თაროზე გაწყობის სქემა დაზიანების სტატუსი არ გაიცემა მუდმივი მდებარეობა (დაცვის ადგილი) ამჟამინდელი ადგილსამყოფელი თაროზე განთავსების ადგილი შეძენის თარიღი ღირებულება, შესყიდვის ნორმალური ფასი სრული შენახვის შიფრი შტრიხკოდი ბოლო ოპერაციის თარიღი ეგზემპლარის მიმდევრობითი ნომერი (კეტერი?) ფასის ძალაში შესვლის თარიღი ეგზემპლარის სახეობა საჯარო შენიშვნა
          ბათუმის შოთა რუსთაველის სახელმწიფო უნივერსიტეტის მთავარი ბიბლიოთეკა ბათუმის შოთა რუსთაველის სახელმწიფო უნივერსიტეტის მთავარი ბიბლიოთეკა წიგნსაცავი 2025-06-24 48.00 347.9(479.22) ს-23 71937 2025-06-24 71937 2025-06-24 წიგნი 48 ლ.
          ბათუმის შოთა რუსთაველის სახელმწიფო უნივერსიტეტის მთავარი ბიბლიოთეკა ბათუმის შოთა რუსთაველის სახელმწიფო უნივერსიტეტის მთავარი ბიბლიოთეკა წიგნსაცავი 2025-06-24 48.00 347.9(479.22) ს-23 71938 2025-06-24 71938 2025-06-24 წიგნი 48 ლ.